guess the random adele song #6 - Statistics

General Stats
  • This quiz has been taken 86 times
  • The average score is 69 of 180
Answer Stats
Answer % Correct
i
93%
you
87%
love
78%
a
76%
the
68%
me
66%
an
58%
to
57%
my
55%
your
55%
it
54%
so
54%
in
53%
when
53%
and
49%
on
47%
be
46%
do
46%
who
43%
can
42%
i'm
41%
like
41%
heart
37%
if
37%
you're
36%
feel
34%
see
34%
have
33%
eyes
32%
it's
32%
of
32%
at
30%
don't
30%
look
29%
what
28%
only
26%
little
25%
never
25%
one
25%
all
24%
here
24%
i've
24%
know
24%
had
21%
bad
20%
got
20%
way
20%
save
18%
sad
17%
everything
16%
full
16%
gone
16%
learn
16%
hard
14%
holding
14%
lost
14%
lot
14%
sorry
14%
tell
14%
done
13%
emotions
13%
ocean
13%
read
13%
wanted
13%
widen
13%
guilty
12%
mama's
12%
past
12%
barely
11%
completely
11%
fault
11%
finding
11%
lay
11%
teach
11%
through
11%
aches
9%
ain't
9%
breaks
9%
far
9%
myself
9%
sincerely
9%
coldness
8%
daylight
8%
heavy
8%
lies
8%
makes
8%
recognize
8%
surprised
8%
catch
7%
iti's
1%
No matching quizzes found
Score Distribution
Percent of People with Each Score
Percentile by Number Answered
Your Score History
You have not taken this quiz